| 000 | 00825cab a2200241 4500 | ||
|---|---|---|---|
| 001 | WB2738-55 | ||
| 008 | 090401t1991 xxu||||| |||| 00| 0 eng d | ||
| 035 | _a(Sirsi) u1875 | ||
| 041 | _aeng | ||
| 100 | _aKitchen, Sarah | ||
| 245 | _aWhite collar tendering | ||
| 260 | _c1991 | ||
| 350 | _a0 | ||
| 490 |
_aBuilding _v256(7715) 4 October 1991, 9(1) |
||
| 520 | _aRefusal to release a government report on plans to privatise local authority services, including architecture and building services departments, is to be challenged by metropolitan local authorities. | ||
| 650 | _aCOMPULSORY COMPETITIVE TENDERING | ||
| 650 | _aLOCAL AUTHORITIES | ||
| 650 | _aPRIVATISATION | ||
| 650 | _aPROFESSIONAL SERVICES | ||
| 690 | _aMANAGEMENT-BUSINESS MANAGEMENT-PROFESSIONAL PRACTICE | ||
| 942 | _n0 | ||
| 948 | _c04/03/1997 | ||
| 999 |
_c1092 _d1092 |
||